Človek na cestách zeme

Bibliographic Details
Main Author: Korec, Ján Chryzostom, 1924-2015 (Author)
Format: Book
Language:Slovak
PhysicalDescription:314 s. 19 cm
Published: Bratislava Lúč 2009
ISBN:9788071147718
Edition:2. vyd.
Subjects:

MARC

LEADER 00000nam a2200000 a 4500
001 vtls010034131
003 SK-MaSNL
005 20260301083425.0
008 240314s2009 xo g 000 0 slo
015 |a SNBA2010/02-00622 
020 |a 9788071147718  |q (viaz.) 
035 |a FF1CCEB0-A8F2-4C83-9A28-22176466F1EC 
035 |a urn:nbn:sk:snk-amjfiq 
035 |a urn:nbn:sk:snk-am002baw 
040 |a SNK  |b slo  |c SNK  |e AACR2 
041 0 |a slo 
044 |a xo  |c SK 
072 7 |a 27-4  |x Praktická teológia. Morálna teológia  |2 konspekt 
080 |a 27-4  |2 2001 
080 |a 27-184  |2 2001 
080 |a 27-184.3  |2 2001 
080 |a (049)  |2 2001 
100 1 |a Korec, Ján Chryzostom,  |d 1924-2015  |4 aut  |9 203576 
245 1 0 |a Človek na cestách zeme  |c Ján Chryzostom Korec 
250 |a 2. vyd. 
260 |a Bratislava  |b Lúč  |c 2009 
300 |a 314 s.  |c 19 cm 
650 0 7 |a kresťanský život  |2 SNKPH  |9 1808 
650 0 7 |a Boh a človek  |2 SNKPH  |9 1711 
650 0 7 |a kresťanská viera  |2 SNKPH  |9 1712 
655 7 |a rozpravy  |2 SNKPH  |9 70559 
919 |a 978-80-7114-771-8 
958 |a NT 
968 |d 2 
999 |c 660486  |d 662416 
952 |a SNK  |b SNK  |y PREZ  |7 0  |p 17A0640734  |o snkSD 78787  |i snk2009/22831  |8 0  |0 0  |1 0  |4 0  |d 2009-12-22  |l 0  |r 2025-11-26 00:00:00  |w 2026-02-23 
952 |a SNK  |b SNK  |y VYP  |7 0  |p 17A0640735  |o snkSD 78787 D1  |i snk2009/22832  |8 0  |0 0  |1 0  |4 0  |d 2009-12-22  |f 1  |l 0  |r 2017-06-30 00:00:00  |w 2026-02-23